00679cam a22003014i 4500003000900000005001700009008004100026035001900067040003300086082001900119100002800138245004100166264000500207336002100212337002500233338002300258526001000281526001000291526001000301526001000311526000800321526000800329526000800337526000800345526000800353526000800361526000800369PE-LiUPU20250731173236.0150625s r 000 0 d a(Sirsi) a35004 aPE-LiUPUbspacPE-LiUPUerda04a231.2bG812211 aGregory, J. E.,eautor.14aThe love of Christ /cJ. E. Gregory. 1a atext2rdacontent aunmediated2rdamedia avolume2rdacarrier aSEG42 aSEG41 aSEG40 aSEG39 aP94 aP87 aP86 aP85 aP77 aP76 aP35